Journal <the> Capco Institute Journal of financial transformation
Gespeichert in:
| Format: | Schriftenreihe |
|---|---|
| Sprache: | Englisch |
| Veröffentlicht: |
Antwerp
<The> Capital Markets Company
|
| Schlagworte: | |
| Tags: |
Keine Tags, Fügen Sie das erste Tag hinzu!
|
MARC
| LEADER | 00000nas1a2200000 4500 | ||
|---|---|---|---|
| 001 | 0161917 | ||
| 005 | 20250619140021.6 | ||
| 022 | |a 1755-361X | ||
| 022 | |a 1755-3628 | ||
| 041 | 0 | |a eng | |
| 044 | |a BE | ||
| 245 | 1 | 0 | |a Journal |b <the> Capco Institute Journal of financial transformation |
| 264 | 1 | |a Antwerp |b <The> Capital Markets Company | |
| 610 | 2 | 0 | |a bankovníctvo |
| 610 | 2 | 0 | |a financie |
| 610 | 2 | 0 | |a politika hospodárska |
| 610 | 2 | 0 | |a teórie ekonomické |
| 610 | 2 | 0 | |a ekonometria |